Fruits by picture - Statistics

General Stats
  • This quiz has been taken 64 times
  • The average score is 9 of 10
Answer Stats
Picture Answer % Correct
Orange
100%
Apple
98%
Banana
98%
Lemon
98%
Mango
96%
Peach
96%
Lime
95%
Pear
93%
Pomegranate
84%
Starfruit
74%
No matching quizzes found
Score Distribution
Percent of People with Each Score
Percentile by Number Answered
Your Score History
You have not taken this quiz